Normal view
MARC view
Entry Personal Name
001 - CONTROL NUMBER
- control field: 30083
003 - CONTROL NUMBER IDENTIFIER
- control field: OSt
005 - DATE AND TIME OF LATEST TRANSACTION
- control field: 20160108171323.0
008 - FIXED-LENGTH DATA ELEMENTS
- fixed length control field: 160108|| aca||aabn | a|a d
040 ## - CATALOGING SOURCE
- Original cataloging agency: OSt
- Transcribing agency: OSt
100 ## - HEADING--PERSONAL NAME
- Personal name: Leon, Pedro de Cieza de
670 ## - SOURCE DATA FOUND
- Source citation: Work cat.: (OSt)37626: Leon, Pedro de Cieza de, The War of Las Salinas, 1923









